Largest Cities In North Carolina - Statistics

General Stats
  • This quiz has been taken 63 times
  • The average score is 9 of 12
Answer Stats
Pop. City % Correct
859,035 Charlotte
98%
464,758 Raleigh
98%
267,743 Durham
90%
290,222 Greensboro
90%
244,605 Winston-Salem
81%
165,904 Cary
73%
91,902 Asheville
71%
209,889 Fayetteville
69%
119,045 Wilmington
60%
111,513 High Point
52%
92,156 Greenville
42%
92,067 Concord
35%
No matching quizzes found
Score Distribution
Percent of People with Each Score
Percentile by Number Answered
Your Score History
You have not taken this quiz